| 000 | 01561cam a22003251i 4500 | ||
|---|---|---|---|
| 003 | SA-RiAUC | ||
| 005 | 20260419144454.0 | ||
| 008 | 260419s1998 ts g 00010 ara c | ||
| 040 |
_aSA-MdTU _bara _cSA-RiAUC _erda |
||
| 082 | 0 | 4 |
_a415 _qSA-RiAUC |
| 090 |
_a415 _b ا ب ن ح |
||
| 100 | 1 |
_aابن حسين، فاطمة عبد الرحمن رمضان، _d1370 هجري- _eمؤلف. |
|
| 245 | 1 | 2 |
_aالمسائل الخلافية النحوية والصرفية في شرح بانت سعاد لابن هشام الأنصاري : _bجمعا وتصنيفا وتعليقا / _cفاطمة بنت عبد الرحمن رمضان بن حسين. |
| 250 | _aالطبعة الأولى. | ||
| 264 | 1 |
_a[مكان النشر غير محدد] : _b[الناشر غير محدد]، _c1998 |
|
| 264 | 3 |
_aعجمان، الإمارات العربية المتحدة : _bمطابع العامري |
|
| 300 |
_a216 صفحة ؛ _c24 سم |
||
| 336 |
_aنص _btxt _2rdacontent _3كتاب |
||
| 337 |
_aبدون وسيط _bn _2rdamedia |
||
| 338 |
_aمجلد _bnc _2rdacarrier |
||
| 500 | _a | ||
| 650 | 7 |
_aاللغة العربية _xنحو _2aucsh |
|
| 650 | 7 |
_aاللغة العربية _xصرف _2aucsh |
|
| 700 | 1 | 2 |
_aابن هشام، عبد الله بن يوسف بن أحمد، _d708-761 هجري. _tشرح بانت سعاد. |
| 700 | 0 | 2 |
_aكعب بن زهير بن أبي سلمى المازني، _dتوفي 26 هجري |
| 740 | 0 | 2 | _aشرح بانت سعاد. |
| 740 | 0 | 2 | _aبانت سعاد. |
| 942 |
_2ddc _cBOOK _n0 |
||
| 949 |
_aSA-JeALM _d260419 _umohamedma123 _n1 |
||
| 999 |
_c14840 _d14840 |
||